[Event "FIDE World Bl Team Pool C"]
[Site "London ENG"]
[Date "2025.06.14"]
[Round "2.5"]
[White "Agafonov, Yuri Dr"]
[Black "Camp, Imogen A L"]
[Result "1-0"]
[BlackTitle "WCM"]
[WhiteElo "2096"]
[BlackElo "1915"]
[WhiteTeam "OlalaStars"]
[BlackTeam "Wood Green Youth"]
[WhiteFideId "11602104"]
[BlackFideId "1802240"]
[EventDate "2025.06.14"]
[EventType "team"]

1. b4 Nf6 2. Bb2 d5 3. e3 e6 4. b5 a6 5. a4 axb5 6. axb5 Rxa1 7. Bxa1 Bb4 8. Nf3
O-O 9. c4 dxc4 10. Bxc4 Nbd7 11. O-O Nb6 12. Be2 Qd5 13. Bxf6 gxf6 14. Nc3 Bxc3
15. dxc3 Rd8 16. Qc2 Qc5 17. Bd3 h6 18. Rd1 Kg7 19. Kf1 Nd5 20. Rc1 Bd7 21. Be2
Ra8 22. c4 Nb6 23. Qe4 f5 24. Qf4 Bxb5 25. Qg3+ Kh7 26. Qh4 Ra2 27. Qf6 Be8 28.
Ne5 Qa3 29. Re1 Qf8 30. Qd8 Ra8 31. Qxc7 Nc8 32. Qxb7 1-0

[Event "FIDE World Bl Team Pool C"]
[Site "London ENG"]
[Date "2025.06.14"]
[Round "2.6"]
[White "Ivanov, Elizabeth"]
[Black "Kiritshenko, Platon"]
[Result "0-1"]
[WhiteElo "1738"]
[BlackElo "1587"]
[WhiteTeam "Wood Green Youth"]
[BlackTeam "OlalaStars"]
[WhiteFideId "427284"]
[BlackFideId "4522010"]
[EventDate "2025.06.14"]
[EventType "team"]

1. e4 c5 2. Nc3 Nc6 3. f4 g6 4. Nf3 Bg7 5. Bc4 d6 6. O-O Nf6 7. d3 O-O 8. a3 Bd7
9. Qe1 a6 10. Qh4 e6 11. f5 exf5 12. Bg5 Be6 13. exf5 gxf5 14. Nd5 Bxd5 15. Bxd5
Kh8 16. Qh3 Qd7 17. Ba2 Ng4 18. Nh4 Bd4+ 19. Kh1 f6 20. Bd2 Nf2+ 21. Rxf2 Bxf2
22. Nxf5 Nd4 23. Nxd4 Qxh3 24. gxh3 Bxd4 25. c3 Be5 26. Be3 Rae8 27. Bd5 b6 28.
Bf2 Bf4 29. Kg2 Bg5 30. Kf3 Re5 31. c4 Rfe8 32. h4 Bh6 33. Be4 f5 34. Bd5 Re2
35. Rb1 R2e5 36. Rg1 f4 37. h5 Rf8 38. Rg2 Rxh5 39. Be4 Rg5 40. Rxg5 Bxg5 41.
Kg4 h6 42. h4 Be7 43. Bf5 Kg7 44. h5 Bg5 45. d4 Re8 46. dxc5 bxc5 47. b4 Re2 48.
Kf3 Re5 49. Bd7 Kf6 50. b5 axb5 51. cxb5 Re7 52. Bc6 Rc7 53. a4 Ke5 54. a5 Bd8
55. Be4 Ra7 56. a6 Bb6 57. Bc6 d5 58. Bh4 d4 59. Bf2 c4 60. Bg1 c3 61. Bh2 Rf7
62. Be4 Ba7 63. Bg1 d3 64. Bxd3 Bxg1 0-1

[Event "FIDE World Bl Team Pool C"]
[Site "London ENG"]
[Date "2025.06.14"]
[Round "2.1"]
[White "Svane, Rasmus"]
[Black "Fromm, Marius"]
[Result "1-0"]
[WhiteTitle "GM"]
[BlackTitle "IM"]
[WhiteElo "2626"]
[BlackElo "2444"]
[WhiteTeam "Germany and Friends"]
[BlackTeam "Berlin Chess Federation"]
[WhiteFideId "4657101"]
[BlackFideId "12993190"]
[EventDate "2025.06.14"]
[EventType "team"]

1. Nf3 d5 2. g3 g6 3. Bg2 Bg7 4. d4 Nf6 5. O-O O-O 6. c4 c6 7. Qb3 a5 8. Rd1 a4
9. Qb4 dxc4 10. Qxc4 Be6 11. Qb4 Qd7 12. Ne5 Qc7 13. Bf4 Na6 14. Qd2 Qd8 15. Nc3
Nc7 16. e4 Nd7 17. Nf3 Bg4 18. Qc2 Nb6 19. h3 Bxf3 20. Bxf3 Ne6 21. Ne2 Nxf4 22.
Nxf4 Bxd4 23. e5 c5 24. Ne2 Qd7 25. Nxd4 cxd4 26. Qc5 Nc8 27. Rxd4 Qxh3 28. Bxb7
Rb8 29. Qc7 Na7 30. Bg2 Qf5 31. Qxa7 Rxb2 32. Rxa4 Qxe5 33. Re4 Qf6 34. Rf1 e6 1-0

[Event "FIDE World Bl Team Pool C"]
[Site "London ENG"]
[Date "2025.06.14"]
[Round "2.2"]
[White "Schneider, Ilja"]
[Black "Bluebaum, Matthias"]
[Result "0-1"]
[WhiteTitle "IM"]
[BlackTitle "GM"]
[WhiteElo "2417"]
[BlackElo "2663"]
[WhiteTeam "Berlin Chess Federation"]
[BlackTeam "Germany and Friends"]
[WhiteFideId "4663306"]
[BlackFideId "24651516"]
[EventDate "2025.06.14"]
[EventType "team"]

1. e4 e6 2. d4 d5 3. exd5 exd5 4. Nf3 a6 5. c4 Bb4+ 6. Nc3 Nf6 7. Bd3 dxc4 8.
Bxc4 O-O 9. O-O Nc6 10. h3 Bf5 11. Bg5 Qd6 12. a3 Bxc3 13. bxc3 Ne4 14. Bd2 Na5
15. Ba2 Be6 16. Bxe6 Qxe6 17. Re1 Qd5 18. Ne5 f6 19. Qf3 fxe5 20. Qxe4 Qxe4 21.
Rxe4 Nc4 22. Be3 exd4 23. Bxd4 Nd6 24. Re7 Rf7 25. Rae1 h6 26. g4 b6 27. Kg2 c5
28. Rxf7 Kxf7 29. Be5 Nc4 30. Bc7 Rc8 31. Re4 b5 32. Bg3 Nxa3 33. h4 Nc4 34. h5
a5 35. Rf4+ Kg8 36. Re4 a4 37. Re7 Ra8 38. g5 hxg5 39. Kf3 a3 40. Re1 a2 41. Ra1
Nd2+ 0-1

[Event "FIDE World Bl Team Pool C"]
[Site "London ENG"]
[Date "2025.06.14"]
[Round "2.3"]
[White "Kollars, Dmitrij"]
[Black "Florstedt, Johannes"]
[Result "1-0"]
[WhiteTitle "GM"]
[BlackTitle "FM"]
[WhiteElo "2633"]
[BlackElo "2391"]
[WhiteTeam "Germany and Friends"]
[BlackTeam "Berlin Chess Federation"]
[WhiteFideId "12909572"]
[BlackFideId "12922293"]
[EventDate "2025.06.14"]
[EventType "team"]

1. e4 c5 2. Nf3 d6 3. Bb5+ Bd7 4. Bxd7+ Nxd7 5. O-O Ngf6 6. d3 e6 7. c4 Be7 8.
Nc3 O-O 9. Ne1 Ne5 10. f4 Nc6 11. g4 Nd7 12. Nc2 a6 13. a4 h6 14. Kh1 Rb8 15.
Be3 Bf6 16. Qd2 Nd4 17. Bxd4 cxd4 18. Ne2 e5 19. a5 Nc5 20. Ra3 Ne6 21. f5 Bg5
22. Qe1 Nf4 23. Nxf4 Bxf4 24. Nb4 Qg5 25. Nd5 Kh8 26. Rg1 Be3 27. Rg2 g6 28. f6
h5 29. h4 Qh6 30. g5 Qh7 31. Rb3 Rfc8 32. Ne7 Rc7 33. Rb6 Rxe7 34. fxe7 Qg8 35.
Qb4 Qe8 36. Qxd6 Kh7 37. Qf6 Kg8 38. Rd6 Qa4 39. Rd8+ Kh7 40. Qh8# 1-0

[Event "FIDE World Bl Team Pool C"]
[Site "London ENG"]
[Date "2025.06.14"]
[Round "2.4"]
[White "Schulze, Lara"]
[Black "Donchenko, Alexander"]
[Result "0-1"]
[WhiteTitle "FM"]
[BlackTitle "GM"]
[WhiteElo "2317"]
[BlackElo "2613"]
[WhiteTeam "Berlin Chess Federation"]
[BlackTeam "Germany and Friends"]
[WhiteFideId "12956830"]
[BlackFideId "24603295"]
[EventDate "2025.06.14"]
[EventType "team"]

1. e4 c5 2. Nf3 d6 3. Bb5+ Nd7 4. c4 Nf6 5. Nc3 g6 6. h3 Bg7 7. d3 O-O 8. Ba4
Nb6 9. Bc2 Nfd7 10. Be3 Nb8 11. Qd2 Nc6 12. Bh6 e6 13. Bb3 Nd7 14. O-O-O a6 15.
h4 Nce5 16. Nxe5 Nxe5 17. Bxg7 Kxg7 18. h5 g5 19. h6+ Kh8 20. f4 gxf4 21. Qxf4
Rg8 22. Kb1 Qg5 23. Qf2 b5 24. cxb5 axb5 25. d4 cxd4 26. Qxd4 Ba6 27. Qxd6 Rg6
28. Qc7 b4 29. Na4 Bd3+ 30. Ka1 Bxe4 31. Nc5 Bxg2 32. Rhg1 Qf6 33. Nd7 Nxd7 34.
Rxd7 Bc6 35. Qxc6 Rxg1+ 36. Rd1 Rxd1+ 37. Bxd1 Rd8 38. Qa4 Qf1 39. a3 Qxd1+ 0-1

[Event "FIDE World Bl Team Pool C"]
[Site "London ENG"]
[Date "2025.06.14"]
[Round "2.5"]
[White "Bashylina, Luisa"]
[Black "Rath, Alina"]
[Result "1-0"]
[WhiteTitle "WFM"]
[BlackTitle "CM"]
[WhiteElo "2120"]
[BlackElo "2019"]
[WhiteTeam "Germany and Friends"]
[BlackTeam "Berlin Chess Federation"]
[WhiteFideId "12983292"]
[BlackFideId "24607886"]
[EventDate "2025.06.14"]
[EventType "team"]

1. d4 d5 2. c4 e6 3. Nc3 c5 4. cxd5 exd5 5. Nf3 Nc6 6. g3 Nf6 7. Bg2 Be7 8. O-O
O-O 9. dxc5 Bxc5 10. Na4 Be7 11. Be3 Re8 12. h3 Bf5 13. Rc1 Be4 14. Nc5 Bxc5 15.
Bxc5 Qa5 16. Qb3 Qa6 17. Rfe1 Rac8 18. e3 Na5 19. Qa3 Qb5 20. Nd4 Qa6 21. b4 Nc4
22. Qxa6 bxa6 23. Bxa7 Bxg2 24. Kxg2 Ne4 25. Nb3 Re7 26. Bd4 Rb7 27. f3 Ned6 28.
Bc5 Nb5 29. a4 Nc7 30. Rcd1 Ne6 31. Rxd5 Nxc5 32. Nxc5 Rxb4 33. f4 Rb2+ 34. Kf3
Rc2 35. Ke4 1-0

[Event "FIDE World Bl Team Pool C"]
[Site "London ENG"]
[Date "2025.06.14"]
[Round "2.6"]
[White "Ziems, Michael"]
[Black "Lobkin, Bohdan"]
[Result "0-1"]
[WhiteElo "1904"]
[BlackElo "1900"]
[WhiteTeam "Berlin Chess Federation"]
[BlackTeam "Germany and Friends"]
[WhiteFideId "24678490"]
[BlackFideId "34115552"]
[EventDate "2025.06.14"]
[EventType "team"]

1. d4 Nf6 2. c4 d6 3. Nc3 g6 4. Bf4 Bg7 5. Nf3 Nbd7 6. e3 Nh5 7. Bg5 h6 8. Bh4
g5 9. Bg3 c5 10. Be2 Nxg3 11. hxg3 Qa5 12. Qd2 Nf6 13. a3 Bf5 14. Nb5 Qb6 15.
Nc3 O-O 16. O-O Rac8 17. dxc5 dxc5 18. Rfd1 Rfd8 19. Qc1 Qb3 20. Nd2 Qb6 21. e4
Bg6 22. f3 0-1

[Event "FIDE World Bl Team Pool C"]
[Site "London ENG"]
[Date "2025.06.14"]
[Round "2.1"]
[White "Gan-Erdene, Sugar"]
[Black "Momunaliev, Ruslan"]
[Result "1-0"]
[WhiteTitle "IM"]
[BlackTitle "CM"]
[WhiteElo "2454"]
[BlackElo "2214"]
[WhiteTeam "Mongolia-B"]
[BlackTeam "Youth KG"]
[WhiteFideId "4902980"]
[BlackFideId "13812211"]
[EventDate "2025.06.14"]
[EventType "team"]

1. d4 d5 2. c4 c6 3. Nf3 Nf6 4. Qc2 dxc4 5. Qxc4 Bf5 6. g3 e6 7. Bg2 Nbd7 8. O-O
Be7 9. e3 h6 10. Qe2 O-O 11. Nc3 Bg4 12. Rd1 Qc7 13. h3 Bh5 14. e4 e5 15. g4
exd4 16. Nxd4 Bg6 17. f4 Rfe8 18. e5 Bc5 19. Qf2 Nd5 20. Nxd5 cxd5 21. Be3 Be4
22. Bxe4 dxe4 23. Nf5 Bxe3 24. Qxe3 Rad8 25. Rac1 Qa5 26. Nd6 Nxe5 1-0

[Event "FIDE World Bl Team Pool C"]
[Site "London ENG"]
[Date "2025.06.14"]
[Round "2.2"]
[White "Beknazarov, Emir"]
[Black "Bilguun, Sumiya"]
[Result "0-1"]
[BlackTitle "GM"]
[WhiteElo "1878"]
[BlackElo "2451"]
[WhiteTeam "Youth KG"]
[BlackTeam "Mongolia-B"]
[WhiteFideId "13816063"]
[BlackFideId "4901541"]
[EventDate "2025.06.14"]
[EventType "team"]

1. Nf3 c5 2. b3 d6 3. Bb2 Nc6 4. g3 e5 5. d3 g6 6. Bg2 Bg7 7. O-O Nge7 8. Nbd2
O-O 9. e4 f5 10. a3 f4 11. b4 b6 12. b5 Na5 13. Nc4 Nb7 14. c3 Be6 15. Nfd2 a6
16. a4 a5 17. Rc1 Rc8 18. Qe2 h5 19. h4 Bh6 20. Rcd1 Kh7 21. d4 Qc7 22. dxe5
dxe5 23. Nf3 Bg4 24. Qc2 Bg7 25. Rd3 Rcd8 26. Rfd1 Bf6 27. Bc1 fxg3 28. fxg3
Rxd3 29. Rxd3 Rd8 30. Ng5+ Kg7 31. Qd2 Bxg5 32. hxg5 Rxd3 33. Qxd3 Be6 34. Ne3
c4 35. Qf1 Ng8 36. Nd5 Qd8 37. Be3 Bxd5 38. exd5 Qd6 39. Kh2 Ne7 40. Qxc4 Nf5
41. Bf2 Nc5 42. Bxc5 bxc5 43. Qd3 c4 44. Qxc4 e4 45. Qc6 Qxg3+ 46. Kh1 Qe1+ 0-1

[Event "FIDE World Bl Team Pool C"]
[Site "London ENG"]
[Date "2025.06.14"]
[Round "2.3"]
[White "Batkhuyag, Munguntuul"]
[Black "Kurbanbaev, Zalkar"]
[Result "1-0"]
[WhiteTitle "IM"]
[WhiteElo "2356"]
[BlackElo "2119"]
[WhiteTeam "Mongolia-B"]
[BlackTeam "Youth KG"]
[WhiteFideId "4900758"]
[BlackFideId "13808524"]
[EventDate "2025.06.14"]
[EventType "team"]

1. e4 c5 2. Nf3 d6 3. d4 cxd4 4. Nxd4 Nf6 5. Nc3 a6 6. Rg1 e5 7. Nb3 Be6 8. g4
d5 9. exd5 Nxd5 10. Nxd5 Qxd5 11. Qxd5 Bxd5 12. Be3 Nc6 13. O-O-O O-O-O 14. Bb6
Rd7 15. g5 Be6 16. Rxd7 Kxd7 17. Nc5+ Bxc5 18. Bxc5 Kc7 19. Rg3 Rd8 20. b3 Bf5
21. a4 Nd4 22. Rc3 Kb8 23. Kb2 Rd7 24. a5 Ne6 25. Be3 Be4 26. b4 Nd4 27. f4 Nf5
28. fxe5 Nxe3 29. Rxe3 Bf5 30. Re2 Kc7 31. Bg2 Rd4 32. c3 Rh4 33. Bd5 Be6 34.
Bxe6 fxe6 35. Rf2 Kc6 36. Kb3 Rg4 37. Rd2 Rxg5 38. Rd6+ Kc7 39. Rxe6 h5 40. Kc4
h4 41. Kc5 Kd7 42. Kd5 Rg2 43. Rb6 Rd2+ 44. Kc5 Rxh2 45. Rxb7+ Ke6 46. Rxg7 Rc2
47. c4 h3 48. Rh7 h2 49. Rh5 Re2 50. Kb6 Rb2 51. b5 axb5 52. cxb5 Kd5 53. a6 Kc4
54. Rh4+ Kd5 55. a7 Ra2 56. Rxh2 Ra3 1-0

[Event "FIDE World Bl Team Pool C"]
[Site "London ENG"]
[Date "2025.06.14"]
[Round "2.4"]
[White "Keneshbekov, Elim"]
[Black "Mungunzul, Bat-Erdene"]
[Result "0-1"]
[WhiteTitle "CM"]
[BlackTitle "WCM"]
[WhiteElo "1883"]
[BlackElo "2337"]
[WhiteTeam "Youth KG"]
[BlackTeam "Mongolia-B"]
[WhiteFideId "13816772"]
[BlackFideId "4902831"]
[EventDate "2025.06.14"]
[EventType "team"]

1. e4 e5 2. Nf3 Nc6 3. Bc4 Bc5 4. d3 Nf6 5. Nc3 d6 6. h3 Be6 7. Be3 Bxe3 8. fxe3
Bxc4 9. dxc4 Qd7 10. a3 a5 11. Qd3 Nd8 12. O-O-O Ne6 13. Nd5 Nc5 14. Nxf6+ gxf6
15. Qe2 Nxe4 16. Rhe1 O-O-O 17. Rd5 b6 18. Red1 Kb8 19. Rb5 Rhg8 20. g4 h5 21.
Nd2 Nc5 22. b4 Nb7 23. bxa5 Nxa5 24. gxh5 Qxh3 25. Qd3 Qxh5 26. Qd5 Qf5 27. Ne4
Nb7 28. a4 Qe6 29. Qc6 f5 30. Nc3 Qd7 31. Qf3 e4 32. Qxf5 Nc5 33. Qf4 Rg4 34.
Qf6 Rg6 35. Qd4 Qc6 36. a5 Rd7 37. Nd5 Qa8 38. axb6 c6 39. Qh8+ Kb7 40. Qe8 Qb8
41. Qxb8+ 0-1

[Event "FIDE World Bl Team Pool C"]
[Site "London ENG"]
[Date "2025.06.14"]
[Round "2.5"]
[White "Sodbilegt, Naranbold"]
[Black "Muradylov, Baiel"]
[Result "1-0"]
[WhiteTitle "FM"]
[WhiteElo "2363"]
[BlackElo "1864"]
[WhiteTeam "Mongolia-B"]
[BlackTeam "Youth KG"]
[WhiteFideId "4903528"]
[BlackFideId "13821580"]
[EventDate "2025.06.14"]
[EventType "team"]

1. d4 Nf6 2. c4 e6 3. Nc3 d5 4. cxd5 exd5 5. Bg5 Be7 6. e3 O-O 7. Bd3 c6 8. Qc2
Nbd7 9. Nf3 Re8 10. O-O h6 11. Bh4 Ne4 12. Bxe7 Qxe7 13. Rae1 Ndf6 14. Ne5 Nxc3
15. Qxc3 Ne4 16. Qc2 f6 17. Ng6 Qf7 18. Nf4 g5 19. Ne2 Re7 20. f3 Nd6 21. e4
dxe4 22. fxe4 Qg7 23. Ng3 Qg6 24. e5 f5 25. exd6 Rxe1 26. Rxe1 Qxd6 27. Qc4+ Kg7
28. Bxf5 Bd7 29. Nh5+ Kh8 30. Bxd7 Qxd7 31. Re6 Qh7 32. Qf1 Qe4 1-0

[Event "FIDE World Bl Team Pool C"]
[Site "London ENG"]
[Date "2025.06.14"]
[Round "2.6"]
[White "Sezdbekova, Aizhan"]
[Black "Enkhbayar, Genden"]
[Result "1-0"]
[WhiteTitle "WCM"]
[WhiteElo "1884"]
[BlackElo "1837"]
[WhiteTeam "Youth KG"]
[BlackTeam "Mongolia-B"]
[WhiteFideId "13803590"]
[BlackFideId "4928415"]
[EventDate "2025.06.14"]
[EventType "team"]

1. e4 e5 2. Nf3 Nc6 3. d4 exd4 4. Nxd4 Nf6 5. Nc3 Bb4 6. f3 d6 7. Be3 Bd7 8. Qd2
O-O 9. g4 Ne5 10. Be2 Bxg4 11. a3 Bxc3 12. Qxc3 c5 13. fxg4 cxd4 14. Qxd4 Nfxg4
15. O-O-O Nxe3 16. Qxe3 Qc7 17. Rhg1 Rac8 18. c3 Qc5 19. Qg3 g6 20. Rd5 Qc7 21.
h4 Qe7 22. h5 Rc5 23. h6 f5 24. Rxc5 dxc5 25. exf5 Rxf5 26. Qe3 Qd6 27. Rd1 Qe7
28. Bc4+ Kf8 29. Bd5 Nc6 30. Qd3 Re5 31. Qc4 Qg5+ 1-0

[Event "FIDE World Bl Team Pool C"]
[Site "London ENG"]
[Date "2025.06.14"]
[Round "3.1"]
[White "Momunaliev, Ruslan"]
[Black "Sindarov, Javokhir"]
[Result "0-1"]
[WhiteTitle "CM"]
[BlackTitle "GM"]
[WhiteElo "2214"]
[BlackElo "2710"]
[WhiteTeam "Youth KG"]
[BlackTeam "Uzbekistan"]
[WhiteFideId "13812211"]
[BlackFideId "14205483"]
[EventDate "2025.06.14"]
[EventType "team"]

1. e4 e5 2. Nf3 Nc6 3. g3 g6 4. Bg2 Bg7 5. O-O Nge7 6. d3 O-O 7. c4 d6 8. Nc3 h6
9. Nd5 f5 10. exf5 Nxf5 11. Nd2 Ncd4 12. Ne3 c6 13. b3 Be6 14. Bb2 Qd7 15. Ne4
Nxe3 16. fxe3 Bg4 17. Qd2 Nf3+ 18. Bxf3 Bxf3 19. Nf2 h5 20. e4 c5 21. Nd1 Rf7
22. Ne3 Bh6 23. Rf2 Raf8 24. Raf1 h4 25. Qe1 hxg3 26. hxg3 Qh3 0-1

[Event "FIDE World Bl Team Pool C"]
[Site "London ENG"]
[Date "2025.06.14"]
[Round "3.2"]
[White "Yakubboev, Nodirbek"]
[Black "Beknazarov, Emir"]
[Result "1-0"]
[WhiteTitle "GM"]
[WhiteElo "2659"]
[BlackElo "1878"]
[WhiteTeam "Uzbekistan"]
[BlackTeam "Youth KG"]
[WhiteFideId "14203987"]
[BlackFideId "13816063"]
[EventDate "2025.06.14"]
[EventType "team"]

1. e4 c6 2. Nf3 d5 3. d3 dxe4 4. dxe4 Qxd1+ 5. Kxd1 Nf6 6. Nbd2 g6 7. Nd4 Bg7 8.
N4b3 O-O 9. f3 Rd8 10. c3 e5 11. Kc2 b6 12. a4 Be6 13. Bc4 Nfd7 14. Bxe6 fxe6
15. Nc4 Na6 16. Bg5 Re8 17. Rhd1 Ndc5 18. Nxc5 Nxc5 19. b4 Nb7 20. Rd7 Rab8 21.
a5 b5 22. a6 bxc4 23. axb7 h6 24. Be3 1-0

[Event "FIDE World Bl Team Pool C"]
[Site "London ENG"]
[Date "2025.06.14"]
[Round "3.3"]
[White "Kurbanbaev, Zalkar"]
[Black "Kasimdzhanov, Rustam"]
[Result "0-1"]
[BlackTitle "GM"]
[WhiteElo "2119"]
[BlackElo "2675"]
[WhiteTeam "Youth KG"]
[BlackTeam "Uzbekistan"]
[WhiteFideId "13808524"]
[BlackFideId "14200244"]
[EventDate "2025.06.14"]
[EventType "team"]

1. e4 e5 2. Nf3 Nc6 3. Bb5 a6 4. Ba4 Bc5 5. O-O Nge7 6. Nxe5 Nxe5 7. d4 b5 8.
Bb3 Bxd4 9. Qxd4 d6 10. f4 c5 11. Qd2 Ng4 12. c4 O-O 13. Nc3 b4 14. Nd5 Nxd5 15.
cxd5 Re8 16. Bc2 a5 17. h3 Nf6 18. Re1 Ra7 19. b3 Rae7 20. e5 dxe5 21. Bb2 Qxd5
22. Qxd5 Nxd5 23. fxe5 Nf4 24. Kh2 Bb7 25. g3 Ne6 26. Rad1 Ng5 27. Re3 Nf3+ 28.
Kg2 Ne1+ 0-1

[Event "FIDE World Bl Team Pool C"]
[Site "London ENG"]
[Date "2025.06.14"]
[Round "3.4"]
[White "Vokhidov, Shamsiddin"]
[Black "Keneshbekov, Elim"]
[Result "1-0"]
[WhiteTitle "GM"]
[BlackTitle "CM"]
[WhiteElo "2644"]
[BlackElo "1883"]
[WhiteTeam "Uzbekistan"]
[BlackTeam "Youth KG"]
[WhiteFideId "14204223"]
[BlackFideId "13816772"]
[EventDate "2025.06.14"]
[EventType "team"]

1. e4 c5 2. Nf3 d6 3. Bb5+ Nd7 4. a4 Nf6 5. Nc3 e5 6. d3 a6 7. Bc4 Be7 8. a5 b5
9. axb6 Nxb6 10. Bb3 O-O 11. O-O Bg4 12. h3 Bh5 13. Re1 h6 14. Be3 Qd7 15. Qe2
Ne8 16. Nxe5 Bg4 17. Qf3 Bxf3 18. Nxd7 Be2 19. Rxe2 Nxd7 20. Ree1 Nef6 21. Ra2
Rfb8 22. Rb1 a5 23. Rba1 Bd8 24. Bd2 Ne5 25. Nd5 Nxd5 26. Bxd5 Ra7 27. f4 Nd7
28. Bxa5 Nb6 29. Bb3 Bf6 30. Bd2 Rxa2 31. Rxa2 Rc8 32. Be3 c4 33. dxc4 Nxc4 34.
Bc1 Nb6 35. Kf2 Nd7 36. Be3 Nc5 37. Bd5 Ne6 38. c3 Rc7 39. g3 Nc5 40. Kf3 g6 41.
Bxc5 dxc5 42. Ra6 Kg7 43. e5 Be7 44. Ke4 Rc8 45. Ra7 Kf8 46. g4 c4 47. f5 gxf5+
48. gxf5 1-0

[Event "FIDE World Bl Team Pool C"]
[Site "London ENG"]
[Date "2025.06.14"]
[Round "3.5"]
[White "Muradylov, Baiel"]
[Black "Tokhirjonova, Gulrukhbegim"]
[Result "0-1"]
[BlackTitle "IM"]
[WhiteElo "1864"]
[BlackElo "2370"]
[WhiteTeam "Youth KG"]
[BlackTeam "Uzbekistan"]
[WhiteFideId "13821580"]
[BlackFideId "14203626"]
[EventDate "2025.06.14"]
[EventType "team"]

1. d4 Nf6 2. Nf3 d5 3. g3 g6 4. c4 c6 5. Bg2 Bg7 6. O-O O-O 7. cxd5 cxd5 8. Nc3
Nc6 9. Ne5 e6 10. Bg5 h6 11. Bxf6 Bxf6 12. Nxc6 bxc6 13. Qa4 Qb6 14. e3 c5 15.
dxc5 Qxb2 16. Nxd5 exd5 17. Bxd5 Rb8 18. Rab1 Qxb1 19. Rxb1 Rxb1+ 20. Kg2 Rd8
21. e4 Rc1 22. c6 h5 23. Qxa7 Be6 24. Qb6 Rc8 25. a4 Be5 26. Qb7 Rc7 27. Qb8+
Kg7 28. Qb4 g5 29. a5 Ra1 30. Qb6 h4 31. gxh4 gxh4 32. h3 Kf6 33. a6 Ra3 34.
Bxe6 fxe6 35. Qb8 Rg7+ 0-1

[Event "FIDE World Bl Team Pool C"]
[Site "London ENG"]
[Date "2025.06.14"]
[Round "3.6"]
[White "Imomkuzieva, Nilufarkhon"]
[Black "Sezdbekova, Aizhan"]
[Result "0-1"]
[WhiteTitle "WFM"]
[BlackTitle "WCM"]
[WhiteElo "2066"]
[BlackElo "1884"]
[WhiteTeam "Uzbekistan"]
[BlackTeam "Youth KG"]
[WhiteFideId "14216736"]
[BlackFideId "13803590"]
[EventDate "2025.06.14"]
[EventType "team"]

1. e4 e5 2. Nf3 Nc6 3. Bc4 Nf6 4. d3 Bc5 5. c3 d6 6. O-O O-O 7. Nbd2 Bb6 8. h3
Ne7 9. Re1 Ng6 10. Nf1 c6 11. d4 Re8 12. Ng3 Bc7 13. Be3 d5 14. exd5 e4 15. d6
Bxd6 16. Ng5 Re7 17. Qb3 Qe8 18. Bd2 Bxg3 19. fxg3 h6 20. Nxf7 Rxf7 21. g4 Nd5
22. Bxd5 cxd5 23. Qxd5 Kh8 24. Rxe4 Qf8 25. Rae1 Bd7 26. Qxb7 Rb8 27. Qxa7 Rxb2
28. R4e2 Bb5 29. Qb6 Bxe2 30. Qxg6 Bc4 31. Bc1 Bb5 32. Bxb2 Rf2 33. Bc1 Rxa2 34.
Qe6 Qf2+ 35. Kh2 Qxg2# 0-1

[Event "FIDE World Bl Team Pool C"]
[Site "London ENG"]
[Date "2025.06.14"]
[Round "3.1"]
[White "Fromm, Marius"]
[Black "Gan-Erdene, Sugar"]
[Result "0-1"]
[WhiteTitle "IM"]
[BlackTitle "IM"]
[WhiteElo "2444"]
[BlackElo "2454"]
[WhiteTeam "Berlin Chess Federation"]
[BlackTeam "Mongolia-B"]
[WhiteFideId "12993190"]
[BlackFideId "4902980"]
[EventDate "2025.06.14"]
[EventType "team"]

1. e4 c5 2. Nf3 d6 3. Bb5+ Nd7 4. Ba4 a6 5. c4 Nf6 6. Nc3 e6 7. O-O Be7 8. d3
O-O 9. Qe2 Ne5 10. Ne1 Nc6 11. Bxc6 bxc6 12. f4 d5 13. Nf3 a5 14. b3 Bb7 15. Ba3
Re8 16. Rac1 Nd7 17. e5 f6 18. exf6 Bxf6 19. Ne5 Bxe5 20. fxe5 Qg5 21. Rce1 Rf8
22. Na4 Rxf1+ 23. Rxf1 Rf8 24. Rxf8+ Nxf8 25. Nxc5 Bc8 26. Bb2 Ng6 27. h3 h5 28.
a3 h4 29. b4 axb4 30. axb4 Qg3 31. Qf2 Qg5 32. b5 cxb5 33. cxb5 Nf4 34. Qf3 Ng6
35. b6 Qd2 36. Bd4 Qb4 37. Qe3 Qxb6 38. Qg5 Kf7 39. Kh2 Qb4 40. Qg4 Qd2 41. Qf3+
Qf4+ 42. Qxf4+ Nxf4 43. g3 Ng6 44. gxh4 Nxh4 45. Nb3 Bd7 46. Kh1 0-1

[Event "FIDE World Bl Team Pool C"]
[Site "London ENG"]
[Date "2025.06.14"]
[Round "3.2"]
[White "Bilguun, Sumiya"]
[Black "Schneider, Ilja"]
[Result "1-0"]
[WhiteTitle "GM"]
[BlackTitle "IM"]
[WhiteElo "2451"]
[BlackElo "2417"]
[WhiteTeam "Mongolia-B"]
[BlackTeam "Berlin Chess Federation"]
[WhiteFideId "4901541"]
[BlackFideId "4663306"]
[EventDate "2025.06.14"]
[EventType "team"]

1. e4 e5 2. Nf3 Nc6 3. Bc4 Bc5 4. d3 d6 5. c3 a6 6. a4 Ba7 7. Bg5 Nge7 8. Nbd2
h6 9. Be3 O-O 10. Bb3 Kh8 11. Bxa7 Rxa7 12. O-O f5 13. Nh4 fxe4 14. dxe4 Qe8 15.
Nc4 Ng6 16. Nxg6+ Qxg6 17. f3 Be6 18. Ne3 Ne7 19. Bc2 Qg5 20. Qe1 Ng6 21. Kh1
Raa8 22. Rd1 Nf4 23. g3 Ng6 24. Nd5 Rf7 25. Qe3 Bxd5 26. Qxg5 hxg5 27. exd5 Ne7
28. Kg2 g6 29. b4 Kg7 30. Be4 Nf5 31. Rfe1 Kf6 32. c4 a5 33. bxa5 Rxa5 34. Ra1
b6 35. Bxf5 gxf5 36. Reb1 Rf8 37. Rb5 Rfa8 38. Rxa5 Rxa5 39. Kf2 f4 40. g4 Ra8
41. Ke2 Rh8 42. Rh1 e4 43. fxe4 Ke5 44. h4 gxh4 45. Kf3 h3 46. Rh2 Rh7 47. g5
Rh5 48. Kg4 Rh8 49. Rxh3 Rxh3 50. Kxh3 Kxe4 51. g6 f3 52. g7 1-0